000 00292nam a22001337a 4500
008 180914b xxu||||| |||| 00| 0 eng d
020 _a9780195430974
041 _aeng
080 _a821
100 _a21
101 _aGJL
245 _aElements of Literature
_cScholes, R
942 _2udc
_cBK
999 _c47798
_d47798